Italie

Saved in:
Bibliografiske detaljer
Institution som forfatter: Michelin (Author)
Format: Bog
Sprog:fransk
Udgivet: París Pneu Michelin 1978
Udgivelse:11a. ed
Fag:
Tags: Tilføj Tag
Ingen Tags, Vær først til at tagge denne postø!

MARC

LEADER 00000nam a2200000 a 4500
001 UCV8725
003 CL-VaPUC
008 911128e19780000FR |||||||||||||||||fre|d
082 0 4 |a 910.202  |b MIC  |2 21 
110 2 |a Michelin  |e author  |9 302750 
245 1 0 |a Italie 
250 |a 11a. ed 
300 |a 258 p 
942 |c BK 
945 |d 19911128 00:00:00 
260 |a París  |b Pneu Michelin  |c 1978 
650 0 |a Descripciones y viajes  |9 262159 
651 0 |a Italia  |9 254949 
583 |a last modification  |c 19911128 00:00:00  |k Rodrigo Vera 
999 |c 214200  |d 214198 
952 |0 0  |1 0  |4 0  |6 910_202000000000000_MIC_1978  |7 0  |8 P  |9 197354  |a BIBARQ  |b BIBARQ  |d 2019-11-14  |i 2650207  |o 910.202 MIC 1978  |p 2650207  |r 2025-01-20  |w 2019-11-14  |y BK  |k ARQ